Le Nicaragua pour les touristes... - Statistiques

Statistiques générales
  • Ce quiz a été pris 6 fois
  • Le résultat moyen est 12 sur 20
Statistiques - réponses
Question Indice Réponses % Correct
La conduite se fait à droite ou à gauche ? Droite
100%
Quelle est la langue officielle ? Espagnol
100%
Avez-vous besoin d'un visa ? (oui/non) Non
100%
Quel est le climat local ? T Tropical
100%
Combien d'heures (environ) mettrez-vous pour vous y rendre ? (en chiffres) 15
83%
Dans la capitale quel est le décalage horaire avec Paris ? (+ ou - et chiffre) ex - 10 - 8
83%
Autre langue parlée Anglais
83%
Le principal aéroport est M Managua
83%
Achats à faire 2/ Alcool Rhum
83%
La vitesse est limitée hors des villes à {80} km/h
67%
Quelle est la monnaie ? Cordoba
67%
Le suffixe internet est ni
67%
La religion majoritaire est Catholicisme
50%
Quelles sont les principaux lieux touristiques ? G Granada
50%
Quelles sont les principaux lieux touristiques ? N Lac {Nicaragua}
50%
Quelles sont les principaux lieux touristiques ? M Masaya
33%
Quelles sont les principaux lieux touristiques ? M Volcan {Mombacho}
17%
Comment se nomme la principale compagnie aérienne locale A A Atlantic Airlines
0%
Achats à faire 3/ Récipient traditionnel Jicara
0%
Achats à faire 1/ En terre cuite Poteries
0%
Aucun quiz correspondant
Distribution des résultats
% des personnes avec chaque résultat
Percentile par nombre de réponses
Votre historique - résultats
Vous n’avez pas pris ce quiz